000 01877cam a2200469 4500
001 21717
003 VRT
005 20260309102534.0
008 051208s2004 xr a ar 000 j slo
015 _aSNBZSA2022/10
020 _a8071819735
_q(viazané)
039 9 _a202401271824
_bAUTHORITY
_c202210031513
_dmsnk167
_c202203171500
_dmsnk03
_c200804231453
_dmbpksh01
040 _aVTHK
_bslo
_cVTHK
_dSNK
_erda
041 1 _aslo
_hfre
044 _axr
_cSK
072 7 _a821.133.1-3
_xFrancúzska próza, francúzsky písaná
_2konspekt
072 7 _a821-93
_xLiteratúra pre deti a mládež (beletria)
_2konspekt
080 _a821.133.1-34
_22011
080 _a82-93-053.4/.5
_22011
100 1 _aJost, Alain
_4aut
240 1 0 _aUne anée dans la famille souris
_lSlovensky
245 1 0 _aDobrodružstvo s myškami
_cnámet knihy a ilustrácie Carlos Busquets ; autor textu Alain Jost ; z francúzskeho originálu Une anée dans la famille souris ... preložila Oľga Škodáčková
250 _a1. slovenské vydanie
264 1 _aPraha
_bOttovo nakladatelství
_c2004
300 _a96 strán
_bilustrácie
_c30 cm
336 _atext
_btxt
_2rdacontent
336 _astatický obraz
_bsti
_2rdacontent
337 _abez média
_bn
_2rdamedia
338 _azväzok
_bnc
_2rdacarrier
500 _aPreložené z francúzštiny
655 7 _afrancúzske rozprávky
_2SNKPH
655 7 _aFrench fairy tales
_2SNKPHeng
655 7 _aliteratúra pre deti
_2SNKPH
655 7 _aChildren's literature
_2SNKPHeng
700 1 _aBusquets, Carlos
_4ill
700 1 _aŠkodáčková, Oľga
_4trl
942 _2ddc
_cKLDE
_n0
949 _617A1470207
_asnkSB 97934
_bsnk2022/4077
_o17/22 - em
_s6100:20250128
949 _617A1525775
_asnkSB 97934 D1
_bsnk2023/3111
_o25/23 - em
949 _63869A02924
_abpksh821.133.1-32
_bbpksh53516
949 _63869A18443
_abpksh821.133.1-34
_bbpksh69043
999 _c21717
_d21717